000 00366nam a2200145Ia 4500
008 230917s9999||||xx |||||||||||||| ||und||
040 _e8571
_aMAIN
041 _aEnglish
082 _a327.11 L811B
100 _aLockhart, Charles
245 0 _aBargaining in international conflict
260 _aNew Yrok
_bColumbia
_c1979
300 _aviii, 205 p.
942 _cBK
999 _c208791
_d208791